• 首页
  • 本馆介绍
  • 公告通知
  • 最新文献
  • 馆藏检索
  • 电子资源
  • 读者导购
  • 参考咨询
  • 我的图书馆
  • 登录
  • 详细信息显示
  • 放入我的书架
  • 预约/预借图书
  • 作者相关作品
  • 分类相关作品
  • 丛书相关作品
  • 出版社相关作品

书目信息

  • 表格格式
  • 工作单格式
  • 卡片格式
题名:
英汉汉英散文翻译与评析
    
 
作者: 唐毅 , 顾韶阳 译著
分册:  
出版信息: 南京   东南大学出版社  2020.6
页数: 154页
开本: 26cm
丛书名:
单 册:
中图分类: H315.9 , I056
科图分类:
主题词: 散文--san wen--英语--文学翻译
电子资源:
ISBN: 978-7-5641-8820-7
000 01056nam0 2200277 450
001 2133102344
005 20211025190356.0
010    @a978-7-5641-8820-7@dCNY45.00
100    @a20200807d2020 em y0chiy0120 ea
101 2  @achi@aeng
102    @aCN@b320000
105    @ay z 000yy
106    @ar
200 1  @a英汉汉英散文翻译与评析@Aying han han ying san wen fan yi yu ping xi@dTranslation and comments of English and Chinese essays@f唐毅,顾韶阳译著@zeng
210    @a南京@c东南大学出版社@d2020.6
215    @a154页@d26cm
300    @a“东华大学研究生课程(教材)建设项目经费”资助
330    @a本书包含英译汉散文15篇,汉译英散文15篇。每篇由原文、译文和注释组成。此外,每篇文章配有对原文作者的基本介绍和译者对原文的基本理解和解读。
510 1  @aTranslation and comments of English and Chinese essays@zeng
606 0  @a散文@Asan wen@x英语@x文学翻译
690    @aH315.9@v5
690    @aI056@v5
701  0 @a唐毅@Atang yi@4译著
701  0 @a顾韶阳@Agu shao yang@4译著
801  0 @aCN@b百万庄@c20211025
905    @b1312021-24@dH315.9@e828@f4
    
    英汉汉英散文翻译与评析=Translation and comments of English and Chinese essays/唐毅,顾韶阳译著.-南京:东南大学出版社,2020.6
    154页;26cm
    “东华大学研究生课程(教材)建设项目经费”资助
    
    ISBN 978-7-5641-8820-7:CNY45.00
    本书包含英译汉散文15篇,汉译英散文15篇。每篇由原文、译文和注释组成。此外,每篇文章配有对原文作者的基本介绍和译者对原文的基本理解和解读。
●
相关链接 在E读中查询图书 在五车中查询图书 在当当中查询图书 在豆瓣中查询图书


正题名:英汉汉英散文翻译与评析     索取号:H315.9/828         预约/预借

序号 登录号 条形码 馆藏地/架位号 状态 备注
1 1312021   213120219   第二样本阅览室/ [索取号:H315.9/828] 在馆    
2 1312022   213120228   第四借阅区/ [索取号:H315.9/828] 在馆    
3 1312023   213120237   第四借阅区/ [索取号:H315.9/828] 在馆    
4 1312024   213120246   第四借阅区/ [索取号:H315.9/828] 在馆    
唐山师范学院图书馆 欢迎您!
大连网信软件有限公司© 版权所有